| 000 | 01087cam a22002891 4500 | ||
|---|---|---|---|
| 001 | e 38000265 | ||
| 003 | DLC | ||
| 005 | 20260227111227.0 | ||
| 008 | 810709s1936 miu b s000 0 eng c | ||
| 010 | _ae 38000265 | ||
| 035 | _a(OCoLC)7567257 | ||
| 040 |
_aU.S. Off. of Education. Library _cMiMarqN _dMiMarqN _dDLC |
||
| 042 | _apremarc | ||
| 043 | _an-us-mi | ||
| 050 | 0 | 0 |
_aL162 _b.B3 no. 301 |
| 110 | 1 |
_aMichigan. _bDepartment of Public Instruction. |
|
| 245 | 1 | 0 |
_aInstructional guide for elementary schools ... _cPrepared by the committee, Paul T. Rankin, chairman. Published by Eugene B. Elliott, Superintendent of Public Instruction. |
| 260 |
_aLansing, Mich., _c1936. |
||
| 300 |
_a163, [1] p. _c23 cm. |
||
| 490 | 1 |
_aIts Bulletin _vno. 301 |
|
| 500 | _aText continued on back cover. | ||
| 504 | _aIncludes bibliographies. | ||
| 504 | _a"General readings in elementary school teaching": p. [159]-160. | ||
| 650 | 0 |
_aEducation _zMichigan _xCurricula. |
|
| 650 | 0 | _aEducation, Elementary. | |
| 830 | 0 |
_aBulletin (Michigan Department of Public Instruction) ; _vno. 301. |
|
| 999 |
_c21607 _d21607 |
||